000 00478nam a2200181Ia 4500
005 20250923144313.0
008 008 250917s9999 xx 000 0 eng d
037 _aTextual
040 _aDSWL
_beng
_cDSWL
041 _aeng
_2eng
084 _aS20wT, N46
_qDSWL
100 _aWheller, O
_9823444
245 0 _aAdventure of youth
_cby O Wheller
260 _aChucago
_c1946
300 _a212 p.
942 _cTEXL
_hS20wT, N46
999 _c1437213
_d1437213